000 00414nam a2200169Ia 4500
001 12664
005 20260306162958.0
008 260306t2023||||xx |||||||||||||| ||spa||
041 _aESP
082 _aHR 620
_bV. 42 N° 1 2023 GRAPHICS
245 0 _aACM transactions on graphics
260 _c2023
300 _avarias paginaciones :
_c28 cm.
650 _aGEN
654 _aCET
942 _cREV
_dJUS
_fJUS
_2ddc
_n
999 _c12664
_d12664